000 00935cam a2200373 4500
001 B2640
008 090401t1989 xxu||||| |||| 00| 0 eng d
035 _a(Sirsi) u51270
041 _aeng
050 _a333.33091
110 _aHillier Parker May and Rowden
_92042
245 _aInternational property bulletin - 1989
260 _aLondon
_bHillier Parker May and Rowden
_c1989
300 _a36p. ; 30cm.
350 _a15
650 _aAUSTRALIA
650 _aBELGIUM
650 _aBUILT ENVIRONMENT-BUILDING COSTS
650 _aFRANCE
650 _aITALY
650 _aNETHERLANDS
650 _aPORTUGAL
650 _aPROPERTY MARKET
650 _aRATES OF RETURN
650 _aRENTAL VALUES
650 _aSPAIN
650 _aSWEDEN
650 _aSWITZERLAND
650 _aUNITED STATES OF AMERICA
650 _aFEDERAL REPUBLIC OF GERMANY
650 _aYIELDS
942 _n0
948 _c04/03/1997
999 _c92854
_d92854